Countries that love... - Statistics

General Stats
  • This quiz has been taken 3 times
  • The average score is 2 of 90
Answer Stats
Who Answer % Correct
United Kingdom United States
100%
Turkey Azerbaijan
50%
Italy Greece
50%
Iran Armenia
0%
United States Australia, New Zealand
0%
Germany Austria
0%
Russia Belarus
0%
United States Benelux, Romania, Bulgaria
0%
India Bhutan
0%
Everyone Bhutan
0%
Argentina Bolivia
0%
Argentina Brazil
0%
Malaysia Brunei
0%
Nigeria Cameroon
0%
United States Canada
0%
Russia China
0%
Brazil Colombia
0%
United States Costa Rica, Bahamas, South America Except Venezuela
0%
Italy Croatia
0%
Bosnia and Herzegovina Croatia
0%
United States Croatia, North Macedonia, Austria
0%
Greece Cyprus
0%
Poland Czechia
0%
United states Czechia, Slovakia, Hungary
0%
South Sudan Ethiopia
0%
United States France
0%
Ukraine Georgia
0%
United States Georgia, Albania, Kosovo
0%
United States Germany
0%
Austria Hungary
0%
Japan India
0%
United States India, Mongolia
0%
Russia Iran
0%
United States Ireland, Iceland, Portugal
0%
India Israel
0%
Greece Israel
0%
United States Israel
0%
Spain Italy
0%
United States Italy
0%
United States Japan
0%
Russia Kazakhstan
0%
Albania Kosovo
0%
Turkey Kosovo
0%
Algeria Libya
0%
Thailand Malaysia
0%
Indonesia Malaysia
0%
Italy Malta
0%
Algeria Malta
0%
Tunisia Malta
0%
Libya Malta
0%
United States Mauritania, Zimbabwe, Cameroon, Gabon, Egypt, Zambia,
0%
United States Micronations, Congos, Uganda, Namibia, Botswana
0%
United States Moldova, Montenegro, Slovenia
0%
United States Morocco
0%
Bhutan Nepal
0%
China Nepal
0%
United States Netherlands
0%
Australia New Zealand
0%
United States Nigeria, South Africa, Kenya
0%
China North korea
0%
Russia North korea
0%
Serbia North Macedonia
0%
Montenegro North Macedonia
0%
Turkey North Macedonia
0%
Azerbaijan North macedonia
0%
United States Norway, Sweden, Finland, Denmark
0%
Brazil Paraguay
0%
Indonesia Philippines
0%
Hungary Poland
0%
United States Poland, Baltics
0%
Spain Portugal
0%
Italy Romania
0%
Bulgaria Romania
0%
United States Saudi Arabia, Kuwait, UAE
0%
Russia Serbia
0%
Romania Serbia
0%
Malaysia Singapore
0%
Everyone Singapore
0%
Poland Slovakia
0%
United States South Korea
0%
United States Spain
0%
Guyana Suriname
0%
Everyone Switzerland
0%
Russia Syria
0%
Iran Syria
0%
Kenya Tanzania
0%
Bosnia and Herzegovina Turkey
0%
United States Ukraine
0%
Argentina Uruguay
0%
Brazil Uruguay
0%
No matching quizzes found
Score Distribution
Percent of People with Each Score
Percentile by Number Answered
Your Score History
You have not taken this quiz